Normal view
MARC view
Entry Personal Name
001 - CONTROL NUMBER
- control field: 51380
003 - CONTROL NUMBER IDENTIFIER
- control field: ARRUPE
005 - DATE AND TIME OF LATEST TRANSACTION
- control field: 20220421095458.0
008 - FIXED-LENGTH DATA ELEMENTS
- fixed length control field: 220421|| aca||aabn | a|a d
040 ## - CATALOGING SOURCE
- Original cataloging agency: ARRUPE
- Transcribing agency: ARRUPE
100 ## - HEADING--PERSONAL NAME
- Personal name: Melton, Beth
- Fuller form of name: (Beth A.)
670 ## - SOURCE DATA FOUND
- Source citation: Work cat.: (ARRUPE)131326: Murray, Katherine, 1961- 51378, Microsoft Office Word 2007 inside out /, c2007.